Générique L'École des petits vampires - Paroles - Statistiques

Statistiques générales
  • Ce quiz a été pris 44 fois
  • Le résultat moyen est 15 sur 18
Statistiques - réponses
Paroles % Correct
Au fond d'un {cerceuil}
97%
Dès qu'on ouvre l'{oeil}
89%
Être {vampire}
89%
Le jour on se {cache}
89%
Ca nous fait {rire}
87%
C'est pas pour {nous}
87%
Être {vampire}
87%
Là-{haut}
87%
Nous c'est la {nuit}
87%
Qu'on fait les {fous}
87%
Sous la {lune}
87%
C'est du {délire}
84%
La nuit on se {lâche}
82%
Pouvoir {voler}
79%
On a les {crocs}
76%
On a les {crocs}
76%
Les bains de {soleil}
63%
Sauve-toi au {trot}
42%
Aucun quiz correspondant
Distribution des résultats
% des personnes avec chaque résultat
Percentile par nombre de réponses
Votre historique - résultats
Vous n’avez pas pris ce quiz